| 000 | 00706nam a22002417a 4500 | ||
|---|---|---|---|
| 003 | CHAP | ||
| 005 | 20220920171120.0 | ||
| 008 | 971013s r 00010 d | ||
| 010 | _a58727 | ||
| 011 | _a59699 | ||
| 035 | _a63859 | ||
| 040 | _cCHAP | ||
| 090 | _aR-2879 | ||
| 100 | 0 | 0 |
_aTaylor, Robert S. _9111834 |
| 245 | _aQuestion-negotiation and information seeking in libraries | ||
| 500 | _aSobretiro de : Colleges and Research Libraries 29 (3) : 178-194, 1968 | ||
| 590 |
_aBATCH-UPD _b10 _c20130110 |
||
| 590 |
_aCONVERSION _b10 _c20130109 |
||
| 650 | 1 | 4 |
_aServicio de consulta (Bibliotecas) _9105294 |
| 901 | _aBK | ||
| 942 |
_cREIMP _2local |
||
| 949 |
_aR-2879 _bBC _cB _d-137942 _eB _i63859 _si |
||
| 999 |
_c58727 _d58727 |
||